Statistics for Largest European Cities by Letter - R

Click here to take the quiz!

General Stats

  • This quiz has been taken 121 times
  • The average score is 6 of 15

Answer Stats

RankPopulationCountryHintCity% Correct
12'870'000ItalyColosseumRome
100%
3793'000LatviaCapitalRiga
98%
4696'000NetherlandsEurope's Largest PortRotterdam
97%
21'115'000RussiaGate to the CaucasusRostov-on-Don
66%
10197'000France"The most Liveable City in France"Rennes
51%
12168'000CroatiaPrincipal SeaportRijeka
34%
11180'000ItalyStrait of MessinaReggio di Calabria
33%
9206'000GermanyWarnemündeRostock
31%
5528'000RussiaAlexander-Nevsky-ChurchRyazan
22%
8232'000PolandAir ShowRadom
16%
6257'000UkraineWas once Capital of the German UkraineRovno
13%
13167'000BulgariaNeo-Baroque ArchitectureRuse
13%
14162'000PolandLubomirski CastleRzeszów
12%
7241'000RussiaHuge ReservoirRybinsk
9%
15158'000PolandSuburb of KatowiceRuda Slaska
4%

Score Distribution

Percentile by Number Answered

Percent of People with Each Score

Your Score History

You have not taken this quiz